Normal view MARC view
  • APPLICATION SOFTWARE-DEVELOPMENT; XML-DOCUMENT MARKUP LANGUAGE; COM-COMPUTER ARCHITECTURE

Entry Topical Term

Number of records used in: 1

001 - CONTROL NUMBER

  • control field: 60763

003 - CONTROL NUMBER IDENTIFIER

  • control field: NUST

005 - DATE AND TIME OF LATEST TRANSACTION

  • control field: 20210628202621.0

008 - FIXED-LENGTH DATA ELEMENTS

  • fixed length control field: 210628|| aca||aabn | a|a d

040 ## - CATALOGING SOURCE

  • Original cataloging agency: NUST
  • Transcribing agency: NUST

150 ## - HEADING--TOPICAL TERM

  • Topical term or geographic name entry element: APPLICATION SOFTWARE-DEVELOPMENT; XML-DOCUMENT MARKUP LANGUAGE; COM-COMPUTER ARCHITECTURE

670 ## - SOURCE DATA FOUND

  • Source citation: Work cat.: (NUST): Capt Amir Ali,Capt Naseer Malik,Leinecker, Rick 60762, Com and xml asp.net on the edge, 2001
© 2023 Central Library, National University of Sciences and Technology. All Rights Reserved.